000 00439nam a2200181Ia 4500
008 151202s9999||||xx |||||||||||||| ||und||
082 _bPNVM-13401
100 _aHOWARD KEBLE.
245 _aSO THE WORLD WAGS.
260 _bG. BELL & SONS LONDON.
260 _c1914
300 _a286
600 _aHOWARD KEBLE.
630 _aSO THE WORLD WAGS.
700 _aHOWARD KEBLE.
730 _aSO THE WORLD WAGS.
942 _cBOOK
999 _c1279388
_d1279385